[Event "Nordic Championship 2005 women"]
[Site "Vammala FIN"]
[Date "2005.08.26"]
[Round "3.2"]
[White "Johansson, Victoria"]
[Black "Piarnpuu, Leili"]
[Result "1/2-1/2"]
[WhiteElo "2218"]
[BlackElo "2186"]
[PlyCount "70"]
[EventDate "2005.08.25"]
[EventType "swiss"]
[EventRounds "9"]
[EventCountry "FIN"]
[Source "lmi"]
[SourceDate "2005.09.03"]

1. d4 Nf6 2. c4 e6 3. Nc3 Bb4 4. e3 c5 5. Bd3 Nc6 6. Nge2 d5 7. cxd5 exd5 8.
O-O cxd4 9. exd4 O-O 10. Bg5 Be7 11. h3 h6 12. Bh4 Be6 13. Rc1 Qd7 14. a3 Ne4
15. Nxe4 dxe4 16. Bxe4 Bxh4 17. d5 Bxd5 18. Bxd5 Rfd8 19. Nc3 Bf6 20. Qh5 Bxc3
21. Bxc6 Qxc6 22. Rxc3 Qd6 23. Rfc1 Rd7 24. Qg4 Rad8 25. Rc8 Rxc8 26. Rxc8+ Rd8
27. Rxd8+ Qxd8 28. Qf4 a6 29. Qe5 Qd7 30. Kh2 Kh7 31. g4 Kg8 32. Kg2 Qc6+ 33.
Kg3 Qd7 34. Kg2 Qc6+ 35. Kg3 Qd7 1/2-1/2

[Event "Nordic Championship 2005 women"]
[Site "Vammala FIN"]
[Date "2005.08.26"]
[Round "3.5"]
[White "De Blecourt, Sandra"]
[Black "Berntsen, Sheila Barth"]
[Result "0-1"]
[WhiteElo "2069"]
[BlackElo "2166"]
[PlyCount "78"]
[EventDate "2005.08.25"]
[EventType "swiss"]
[EventRounds "9"]
[EventCountry "FIN"]
[Source "lmi"]
[SourceDate "2005.09.03"]

1. d4 d5 2. c4 c6 3. cxd5 cxd5 4. Bf4 Nc6 5. e3 Qb6 6. Nc3 e5 7. Bxe5 Qxb2 8.
Nxd5 Bf5 9. Qc1 Bb4+ 10. Nxb4 Qxb4+ 11. Qd2 Qxd2+ 12. Kxd2 Nxe5 13. dxe5 O-O-O+
14. Kc3 Nh6 15. h3 Rhe8 16. Nf3 Be4 17. Bb5 Re7 18. Rac1 Bxf3 19. gxf3 Rxe5 20.
Kb4+ Kb8 21. Rhd1 Red5 22. Rxd5 Rxd5 23. Rg1 g6 24. Bc4 Rd2 25. Rf1 Rd7 26. e4
Ng8 27. Bb5 Re7 28. Rd1 Kc7 29. Rd4 Nf6 30. Bd3 Nh5 31. Bf1 f6 32. h4 Nf4 33.
Kc3 Rd7 34. Rxd7+ Kxd7 35. Kd4 Kd6 36. Bc4 h6 37. Bf1 Ne6+ 38. Ke3 Ke5 39. h5
gxh5 0-1

[Event "Nordic Championship 2005 women"]
[Site "Vammala FIN"]
[Date "2005.08.26"]
[Round "3.6"]
[White "Hagesaether, Ellen"]
[Black "Rautanen, Sari"]
[Result "1-0"]
[WhiteElo "2190"]
[BlackElo "1913"]
[PlyCount "89"]
[EventDate "2005.08.25"]
[EventType "swiss"]
[EventRounds "9"]
[EventCountry "FIN"]
[Source "lmi"]
[SourceDate "2005.09.03"]

1. Nf3 c5 2. g3 Nc6 3. Bg2 g6 4. O-O Bg7 5. e4 e5 6. d3 Nge7 7. c3 d6 8. a3 O-O
9. b4 h6 10. Nbd2 Be6 11. Re1 Qd7 12. Nb3 b6 13. Bb2 Rac8 14. b5 Nb8 15. a4 f5
16. exf5 Bxf5 17. Rc1 Bg4 18. Nbd2 Kh7 19. Qe2 Rf7 20. d4 exd4 21. cxd4 Rcf8
22. Qd3 Bf5 23. Qb3 Bg4 24. dxc5 dxc5 25. Bxg7 Rxg7 26. Re5 Bh3 27. Rce1 Bxg2
28. Kxg2 Nf5 29. Ne4 Nd4 30. Nxd4 Qxd4 31. Rd5 Qb4 32. Qxb4 cxb4 33. Rb1 a5 34.
bxa6 Nxa6 35. Rd6 Nc5 36. Nf6+ Kh8 37. Rxb4 Ra7 38. Rbxb6 Nxa4 39. Rbc6 Raf7
40. Ne4 Re7 41. f3 Rb7 42. Rxg6 Rb2+ 43. Kh3 Rxf3 44. Nf6 Rb8 45. Rc7 1-0

[Event "Nordic Championship 2005 women"]
[Site "Vammala FIN"]
[Date "2005.08.27"]
[Round "4.1"]
[White "Ptacnikova, Lenka"]
[Black "Agrest, Svetlana"]
[Result "1-0"]
[WhiteElo "2204"]
[BlackElo "2270"]
[PlyCount "51"]
[EventDate "2005.08.25"]
[EventType "swiss"]
[EventRounds "9"]
[EventCountry "FIN"]
[Source "lmi"]
[SourceDate "2005.09.03"]

1. e4 e5 2. Nf3 Nc6 3. Bb5 f5 4. d3 fxe4 5. dxe4 Nf6 6. O-O Bc5 7. Qe2 d6 8.
Qc4 Qe7 9. Nc3 Bd7 10. Nd5 Nxd5 11. exd5 Nb8 12. Bg5 Qf8 13. Rae1 Qf5 14. Rxe5+
dxe5 15. Qxc5 Qf8 16. Qxc7 Qf5 17. Qd8+ Kf7 18. Qe7+ Kg8 19. Bc4 b5 20. Bd3 Qf8
21. Qxe5 Na6 22. Be7 Qe8 23. Be4 Rc8 24. d6 h6 25. Qd5+ Qf7 26. Ne5 1-0

[Event "Nordic Championship 2005 women"]
[Site "Vammala FIN"]
[Date "2005.08.27"]
[Round "4.2"]
[White "Piarnpuu, Leili"]
[Black "Vovk, Oksana"]
[Result "1-0"]
[WhiteElo "2186"]
[BlackElo "2125"]
[PlyCount "65"]
[EventDate "2005.08.25"]
[EventType "swiss"]
[EventRounds "9"]
[EventCountry "FIN"]
[Source "lmi"]
[SourceDate "2005.09.03"]

1. d4 Nf6 2. Nf3 e6 3. c4 Bb4+ 4. Bd2 Qe7 5. g3 b6 6. Bg2 Bb7 7. O-O Bxd2 8.
Qxd2 O-O 9. Qe3 d6 10. Nc3 c5 11. d5 Re8 12. Nh4 g6 13. Qd2 e5 14. e4 Bc8 15.
f4 exf4 16. gxf4 Ng4 17. Nf3 Nd7 18. Rae1 Nf8 19. e5 Bf5 20. Nb5 dxe5 21. fxe5
Qd7 22. Nd6 Red8 23. Nxf5 Qxf5 24. h3 Ne6 25. hxg4 Qxg4 26. Nh2 Qxc4 27. Qh6
Nd4 28. Ng4 Ne2+ 29. Rxe2 Qxg4 30. Re4 Qd7 31. Rh4 f5 32. exf6 Qf7 33. Bh3 1-0

[Event "Nordic Championship 2005 women"]
[Site "Vammala FIN"]
[Date "2005.08.27"]
[Round "4.3"]
[White "Berntsen, Sheila Barth"]
[Black "Bashkite, Viktoria"]
[Result "1/2-1/2"]
[WhiteElo "2166"]
[BlackElo "2173"]
[PlyCount "43"]
[EventDate "2005.08.25"]
[EventType "swiss"]
[EventRounds "9"]
[EventCountry "FIN"]
[Source "lmi"]
[SourceDate "2005.09.03"]

1. e4 e6 2. d4 d5 3. Nc3 Bb4 4. Nge2 dxe4 5. a3 Bxc3+ 6. Nxc3 Nc6 7. Bb5 Nge7
8. Bg5 f6 9. Be3 f5 10. Qh5+ g6 11. Qh6 Kf7 12. Bxc6 bxc6 13. d5 e5 14. Bg5
cxd5 15. O-O d4 16. Nxe4 Qf8 17. Qxf8+ Rxf8 18. Nc5 Re8 19. Rfe1 Nd5 20. Rad1
f4 21. Nd3 c5 22. Rxe5 1/2-1/2

[Event "Nordic Championship 2005 women"]
[Site "Vammala FIN"]
[Date "2005.08.27"]
[Round "4.4"]
[White "Hagesaether, Ellen"]
[Black "Johansson, Victoria"]
[Result "1/2-1/2"]
[WhiteElo "2190"]
[BlackElo "2218"]
[PlyCount "95"]
[EventDate "2005.08.25"]
[EventType "swiss"]
[EventRounds "9"]
[EventCountry "FIN"]
[Source "lmi"]
[SourceDate "2005.09.03"]

1. e4 c6 2. d3 d5 3. Nd2 e5 4. Ngf3 Bd6 5. g3 Ne7 6. Bg2 O-O 7. O-O Nd7 8. d4
exd4 9. Nxd4 Ne5 10. exd5 Nxd5 11. h3 Re8 12. Ne4 Bf8 13. f4 Nc4 14. Qd3 Nd6
15. Ng5 Nf6 16. Kh2 c5 17. Ne2 Bf5 18. Qd2 Qc7 19. Nc3 h6 20. Nf3 Rad8 21. Ne5
Nde4 22. Qe1 Nxc3 23. Qxc3 Nd5 24. Qc4 Nb4 25. Rf2 Be6 26. Qb5 Nd5 27. Bd2 a6
28. Qa5 Qc8 29. c4 b6 30. Qa4 Ne7 31. g4 f6 32. Nf3 Bd7 33. Qc2 Qc7 34. Kg1 Be6
35. Re1 Nc6 36. Rfe2 Bf7 37. Rxe8 Rxe8 38. Rxe8 Bxe8 39. Qe4 Qe7 40. Qd5+ Qf7
41. Nh4 Ne7 42. Qd3 Bc6 43. Bxc6 Nxc6 44. Ng6 Nd4 45. Bc3 Ne2+ 46. Qxe2 Qxg6
47. Qe6+ Kh7 48. Kf2 1/2-1/2

[Event "Nordic Championship 2005 women"]
[Site "Vammala FIN"]
[Date "2005.08.27"]
[Round "4.5"]
[White "Laesson, Tuulikki"]
[Black "Walta, Paivi"]
[Result "1-0"]
[WhiteElo "2228"]
[BlackElo "1826"]
[PlyCount "107"]
[EventDate "2005.08.25"]
[EventType "swiss"]
[EventRounds "9"]
[EventCountry "FIN"]
[Source "lmi"]
[SourceDate "2005.09.03"]

1. e4 c5 2. Nf3 g6 3. d4 Bg7 4. d5 d6 5. Be2 Nf6 6. Nc3 O-O 7. O-O Nbd7 8. a4
a6 9. Nd2 Qc7 10. Nc4 Rb8 11. Ne3 Re8 12. h4 Nf8 13. h5 Bd7 14. a5 b5 15. axb6
Rxb6 16. hxg6 hxg6 17. Nc4 Rb4 18. Rxa6 Reb8 19. Ra2 Ng4 20. Bxg4 Rxc4 21. Bxd7
Nxd7 22. Qe2 Rcb4 23. Nd1 Nf6 24. c4 Qd7 25. Bd2 R4b7 26. Bc3 Qg4 27. Re1 Qh4
28. g3 Qh3 29. Qf1 Qh5 30. f3 Nd7 31. Bxg7 Kxg7 32. f4 Nf6 33. Qe2 Rb3 34. Kg2
Rh8 35. Qxh5 Nxh5 36. Re3 Rhb8 37. Rxb3 Rxb3 38. Ra3 Rb4 39. b3 f6 40. Kf3 Kf7
41. Ne3 Ng7 42. Nf1 Rb8 43. Nd2 Rh8 44. Kg2 Rb8 45. Ra7 Nh5 46. Kf3 Ng7 47. Ra5
Ne8 48. g4 Ng7 49. e5 f5 50. Ra7 Kf8 51. Kg3 fxg4 52. exd6 exd6 53. Kxg4 Nh5
54. f5 1-0

[Event "Nordic Championship 2005 women"]
[Site "Vammala FIN"]
[Date "2005.08.27"]
[Round "4.6"]
[White "Paasikangas-Tella, Johanna"]
[Black "De Blecourt, Sandra"]
[Result "1-0"]
[WhiteElo "2307"]
[BlackElo "2069"]
[PlyCount "43"]
[EventDate "2005.08.25"]
[EventType "swiss"]
[EventRounds "9"]
[EventCountry "FIN"]
[Source "lmi"]
[SourceDate "2005.09.03"]

1. d4 d5 2. Bg5 h6 3. Bh4 c6 4. e3 Qb6 5. b3 Bf5 6. Bd3 Bxd3 7. Qxd3 a5 8. a3
e6 9. Nf3 Nd7 10. O-O Ngf6 11. Nbd2 Be7 12. c4 O-O 13. c5 Qd8 14. Rab1 e5 15.
dxe5 Ng4 16. Bg3 h5 17. b4 h4 18. Bf4 g5 19. h3 Nh6 20. Bh2 axb4 21. axb4 Kg7
22. e4 1-0

[Event "Nordic Championship 2005 women"]
[Site "Vammala FIN"]
[Date "2005.08.28"]
[Round "5.1"]
[White "Piarnpuu, Leili"]
[Black "Ptacnikova, Lenka"]
[Result "1/2-1/2"]
[WhiteElo "2186"]
[BlackElo "2204"]
[PlyCount "27"]
[EventDate "2005.08.25"]
[EventType "swiss"]
[EventRounds "9"]
[EventCountry "FIN"]
[Source "lmi"]
[SourceDate "2005.09.03"]

1. d4 Nf6 2. Nf3 e6 3. c4 Bb4+ 4. Bd2 c5 5. g3 O-O 6. Bg2 d6 7. O-O Nc6 8. Bxb4
cxb4 9. a3 bxa3 10. Rxa3 Qe7 11. Nc3 Nb4 12. e4 e5 13. dxe5 dxe5 14. Nd5
1/2-1/2

[Event "Nordic Championship 2005 women"]
[Site "Vammala FIN"]
[Date "2005.08.28"]
[Round "5.2"]
[White "Agrest, Svetlana"]
[Black "Laesson, Tuulikki"]
[Result "1-0"]
[WhiteElo "2270"]
[BlackElo "2228"]
[PlyCount "89"]
[EventDate "2005.08.25"]
[EventType "swiss"]
[EventRounds "9"]
[EventCountry "FIN"]
[Source "lmi"]
[SourceDate "2005.09.03"]

1. e4 c5 2. Nf3 Nc6 3. Bb5 g6 4. O-O Bg7 5. Re1 a6 6. Bxc6 bxc6 7. c3 Nf6 8. d4
cxd4 9. cxd4 O-O 10. Nc3 d6 11. h3 Nd7 12. Be3 Rb8 13. Qd2 Re8 14. Rac1 Qa5 15.
b3 Qh5 16. Ne2 Nf6 17. Ng5 Qh4 18. Ng3 Nh5 19. Nf3 Qf6 20. Bg5 Qe6 21. d5 cxd5
22. exd5 Qd7 23. Nxh5 gxh5 24. Nd4 e5 25. dxe6 fxe6 26. Bh6 Bxh6 27. Qxh6 Qg7
28. Qxg7+ Kxg7 29. Nf5+ Kf6 30. Nxd6 Rd8 31. Rc6 Bd7 32. Rxa6 Ra8 33. Rxa8 Rxa8
34. a4 Bc6 35. Ne4+ Ke7 36. Nc5 Bd5 37. b4 Kd6 38. f3 Rb8 39. Rb1 Rg8 40. Kf2
h4 41. Rb2 Bc4 42. Ne4+ Ke5 43. b5 Ra8 44. b6 Bd5 45. a5 1-0

[Event "Nordic Championship 2005 women"]
[Site "Vammala FIN"]
[Date "2005.08.28"]
[Round "5.3"]
[White "Johansson, Victoria"]
[Black "Berntsen, Sheila Barth"]
[Result "0-1"]
[WhiteElo "2218"]
[BlackElo "2166"]
[PlyCount "132"]
[EventDate "2005.08.25"]
[EventType "swiss"]
[EventRounds "9"]
[EventCountry "FIN"]
[Source "lmi"]
[SourceDate "2005.09.03"]

1. d4 d5 2. Nf3 Nf6 3. c4 c6 4. Nc3 dxc4 5. a4 Bf5 6. e3 e6 7. Bxc4 Bb4 8. O-O
O-O 9. Qe2 Bg6 10. Ne5 Nbd7 11. Nxg6 hxg6 12. Rd1 Qa5 13. Bd2 Rad8 14. Be1 e5
15. d5 e4 16. dxc6 bxc6 17. Qc2 Nc5 18. Rd4 Qc7 19. Be2 a5 20. Na2 Rxd4 21.
exd4 Nd3 22. Nxb4 Nxe1 23. Qxc6 Qf4 24. Rxe1 axb4 25. Qc1 Qf5 26. Qc5 Qf4 27.
Qxb4 e3 28. f3 Rb8 29. g3 Rxb4 30. gxf4 Rxa4 31. Rb1 Nd5 32. Rd1 Nxf4 33. Kf1
Rb4 34. d5 Rxb2 35. Re1 Nxd5 36. Bc4 Nb6 37. Bd3 Rf2+ 38. Kg1 Rxf3 39. Kg2 Rf2+
40. Kg3 Nd5 41. Rxe3 Nxe3 42. Kxf2 Ng4+ 43. Kg3 Ne5 44. Bc2 g5 45. h3 g6 46.
Bb3 Kg7 47. Bd5 f5 48. Be6 Kf6 49. Bc8 g4 50. hxg4 Nxg4 51. Ba6 Ne5 52. Be2 g5
53. Bd1 Nc4 54. Kf3 Ke5 55. Bc2 g4+ 56. Kf2 f4 57. Bd1 Ne3 58. Ba4 Nf5 59. Bc6
Nd4 60. Bb7 Kf5 61. Bc8+ Kg5 62. Ba6 Kh4 63. Bb7 g3+ 64. Kg1 f3 65. Bd5 Ne2+
66. Kf1 g2+ 0-1

[Event "Nordic Championship 2005 women"]
[Site "Vammala FIN"]
[Date "2005.08.28"]
[Round "5.4"]
[White "Bashkite, Viktoria"]
[Black "Vovk, Oksana"]
[Result "1/2-1/2"]
[WhiteElo "2173"]
[BlackElo "2125"]
[PlyCount "83"]
[EventDate "2005.08.25"]
[EventType "swiss"]
[EventRounds "9"]
[EventCountry "FIN"]
[Source "lmi"]
[SourceDate "2005.09.03"]

1. e4 d5 2. exd5 Qxd5 3. Nc3 Qa5 4. Bc4 Nf6 5. h3 c6 6. Nf3 Bf5 7. O-O e6 8.
Re1 Be7 9. d4 Nbd7 10. Nh4 Bg6 11. Nxg6 hxg6 12. Qe2 Qh5 13. Bf4 Qxe2 14. Rxe2
Rh4 15. Be3 Nb6 16. Bb3 Nbd5 17. Nxd5 Nxd5 18. c3 O-O-O 19. Bd2 g5 20. f3 Bf6
21. Bxd5 Rxd5 22. Be1 Rh8 23. Bg3 Rhd8 24. Rae1 Kd7 25. b4 a5 26. bxa5 Rxa5 27.
Rb1 b5 28. Rbb2 Ra3 29. Rbc2 Rda8 30. Kf1 R8a4 31. Be1 Rc4 32. Rb2 Kd6 33. Rb3
Ra6 34. Bg3+ Kd5 35. Rc2 Rca4 36. Rbb2 Ra3 37. Ke2 R6a4 38. Kd1 Kc4 39. Kd2 Kd5
40. Kd1 Kc4 41. Kd2 Kd5 42. Kd1 1/2-1/2

[Event "Nordic Championship 2005 women"]
[Site "Vammala FIN"]
[Date "2005.08.28"]
[Round "5.5"]
[White "Paasikangas-Tella, Johanna"]
[Black "Hagesaether, Ellen"]
[Result "1-0"]
[WhiteElo "2307"]
[BlackElo "2190"]
[PlyCount "67"]
[EventDate "2005.08.25"]
[EventType "swiss"]
[EventRounds "9"]
[EventCountry "FIN"]
[Source "lmi"]
[SourceDate "2005.09.03"]

1. d4 g6 2. c4 Nf6 3. Nc3 Bg7 4. e4 O-O 5. e5 Ne8 6. f4 d6 7. Nf3 dxe5 8. fxe5
f6 9. exf6 exf6 10. Be2 Nc6 11. O-O Bg4 12. d5 Bxf3 13. Bxf3 Ne5 14. Be2 f5 15.
Qb3 Qe7 16. Kh1 Nd6 17. c5 Ndf7 18. Be3 Ng4 19. Bg1 Bxc3 20. Bxg4 Be5 21. Bf3
Qf6 22. Rad1 Rab8 23. d6 cxd6 24. cxd6 b6 25. d7 Rbd8 26. Rfe1 Bb8 27. Re6 Qh4
28. Bc6 Kg7 29. Qc3+ Kg8 30. Re8 Qf4 31. Qf6 Be5 32. Qe6 Kg7 33. Rxd8 Rxd8 34.
Bd5 1-0

[Event "Nordic Championship 2005 women"]
[Site "Vammala FIN"]
[Date "2005.08.29"]
[Round "6.1"]
[White "Berntsen, Sheila Barth"]
[Black "Piarnpuu, Leili"]
[Result "1/2-1/2"]
[WhiteElo "2166"]
[BlackElo "2186"]
[PlyCount "56"]
[EventDate "2005.08.25"]
[EventType "swiss"]
[EventRounds "9"]
[EventCountry "FIN"]
[Source "lmi"]
[SourceDate "2005.09.03"]

1. e4 e6 2. d4 d5 3. Nc3 Bb4 4. Nge2 dxe4 5. a3 Bxc3+ 6. Nxc3 Nc6 7. d5 exd5 8.
Qxd5 Be6 9. Qxe4 Nf6 10. Qh4 Qd4 11. Qxd4 Nxd4 12. Bd3 h6 13. Bf4 O-O-O 14.
O-O-O a6 15. f3 Nc6 16. h4 Nd5 17. Nxd5 Rxd5 18. Be4 Rxd1+ 19. Rxd1 Ne7 20. Be5
f6 21. Bg3 Nf5 22. Bf2 h5 23. Re1 Bd7 24. Bxf5 Bxf5 25. Re7 Rg8 26. Bg3 Bd7 27.
Kd2 Kd8 28. Re4 g5 1/2-1/2

[Event "Nordic Championship 2005 women"]
[Site "Vammala FIN"]
[Date "2005.08.29"]
[Round "6.3"]
[White "Ptacnikova, Lenka"]
[Black "Johansson, Victoria"]
[Result "1-0"]
[WhiteElo "2204"]
[BlackElo "2218"]
[PlyCount "149"]
[EventDate "2005.08.25"]
[EventType "swiss"]
[EventRounds "9"]
[EventCountry "FIN"]
[Source "lmi"]
[SourceDate "2005.09.03"]

1. e4 c5 2. Nf3 Nc6 3. d4 cxd4 4. Nxd4 g6 5. Nc3 Bg7 6. Be3 Nf6 7. Bc4 Qa5 8.
O-O d6 9. h3 Bd7 10. Re1 O-O 11. Bb3 Nxd4 12. Bxd4 Bc6 13. Nd5 Bxd5 14. exd5
Rfe8 15. c3 a6 16. Qf3 Rac8 17. Re3 Qc7 18. Rae1 b5 19. Qe2 Kf8 20. f4 Qd7 21.
g4 a5 22. a3 Rb8 23. Kg2 Qb7 24. Qf3 Ng8 25. Bxg7+ Kxg7 26. g5 Qd7 27. Qe4 Rbc8
28. Qd4+ Kf8 29. Qh8 Qf5 30. Qxh7 f6 31. Rf1 Rc5 32. Rf2 Rec8 33. Kg3 R8c7 34.
Qh4 Kg7 35. Kg2 b4 36. axb4 axb4 37. c4 Rxc4 38. Bxc4 Rxc4 39. gxf6+ exf6 40.
Qg3 Qxd5+ 41. Qf3 Qxf3+ 42. Kxf3 Nh6 43. Re7+ Kf8 44. Re4 d5 45. Rxc4 dxc4 46.
Rc2 c3 47. bxc3 bxc3 48. Rxc3 Kf7 49. Rc6 Nf5 50. Rb6 Ke7 51. Ke4 Kf7 52. Ra6
Ke7 53. Kd5 Ne3+ 54. Kd4 Nf5+ 55. Kc5 Kf7 56. Kd5 Ne3+ 57. Kd6 Nf5+ 58. Kd7 g5
59. fxg5 fxg5 60. Rb6 Nh4 61. Ra6 Nf5 62. Rb6 Nh4 63. Rb3 Kf6 64. Kd6 Kf5 65.
Rg3 Kf6 66. Kd5 Kf5 67. Kd4 Kf4 68. Rg4+ Kf5 69. Ke3 Ng6 70. Kf2 Nh4 71. Ra4
Ng6 72. Kg3 Ne5 73. Ra5 Kf6 74. Kf2 Ng6 75. Kf3 1-0

[Event "Nordic Championship 2005 women"]
[Site "Vammala FIN"]
[Date "2005.08.29"]
[Round "6.4"]
[White "Walta, Paivi"]
[Black "Paasikangas-Tella, Johanna"]
[Result "0-1"]
[WhiteElo "1826"]
[BlackElo "2307"]
[PlyCount "73"]
[EventDate "2005.08.25"]
[EventType "swiss"]
[EventRounds "9"]
[EventCountry "FIN"]
[Source "lmi"]
[SourceDate "2005.09.03"]

1. c4 e5 2. g3 f5 3. Bg2 Nf6 4. Nc3 Nc6 5. d3 Bb4 6. Qb3 Nd4 7. Qa4 O-O 8. Bd2
a5 9. e3 Ne6 10. Nge2 c6 11. a3 Be7 12. O-O Kh8 13. Rac1 Qe8 14. d4 e4 15. Nf4
g5 16. Nxe6 dxe6 17. f3 exf3 18. Bxf3 e5 19. dxe5 Nd7 20. Ne2 Nxe5 21. Bc3 Bf6
22. Qc2 Kg8 23. Bd4 Be6 24. Bxe5 Bxe5 25. Nd4 Rd8 26. Rcd1 Bc8 27. Rfe1 Qg6 28.
Rd2 Qf6 29. Ne2 Rxd2 30. Qxd2 Bxb2 31. Qxa5 Qe7 32. Qd2 Bxa3 33. Rd1 Bc5 34.
Nd4 Qe5 35. Qf2 f4 36. gxf4 gxf4 37. Ra1 0-1

[Event "Nordic Championship 2005 women"]
[Site "Vammala FIN"]
[Date "2005.08.29"]
[Round "6.5"]
[White "Laesson, Tuulikki"]
[Black "De Blecourt, Sandra"]
[Result "1-0"]
[WhiteElo "2228"]
[BlackElo "2069"]
[PlyCount "65"]
[EventDate "2005.08.25"]
[EventType "swiss"]
[EventRounds "9"]
[EventCountry "FIN"]
[Source "lmi"]
[SourceDate "2005.09.03"]

1. e4 d5 2. e5 c5 3. f4 Bf5 4. Nf3 e6 5. d3 Nc6 6. c3 f6 7. Be2 Qc7 8. O-O
O-O-O 9. Na3 g5 10. exf6 gxf4 11. Nh4 Nxf6 12. Nxf5 exf5 13. Rxf4 Qd7 14. Qf1
Ne7 15. b4 Bh6 16. bxc5 Bxf4 17. Bxf4 Ng6 18. Rb1 Qa4 19. Bc1 f4 20. Nb5 Rhe8
21. a3 a6 22. Bd1 Qa5 23. Na7+ Kc7 24. Bxf4+ Ne5 25. d4 Nfd7 26. Bg4 Qxc3 27.
dxe5 Nxe5 28. c6 Qd4+ 29. Kh1 bxc6 30. Rc1 Qxa7 31. Bxe5+ Rxe5 32. Qf6 Qe3 33.
Qxc6+ 1-0

[Event "Nordic Championship 2005 women"]
[Site "Vammala FIN"]
[Date "2005.08.29"]
[Round "6.6"]
[White "Vovk, Oksana"]
[Black "Rautanen, Sari"]
[Result "1-0"]
[WhiteElo "2125"]
[BlackElo "1913"]
[PlyCount "151"]
[EventDate "2005.08.25"]
[EventType "swiss"]
[EventRounds "9"]
[EventCountry "FIN"]
[Source "lmi"]
[SourceDate "2005.09.03"]

1. d4 d6 2. Nf3 Nf6 3. c4 g6 4. Nc3 Bg7 5. Bg5 h6 6. Bh4 O-O 7. e3 c6 8. Be2 a6
9. a4 a5 10. O-O Na6 11. e4 Qc7 12. Qd2 Kh7 13. h3 e5 14. Rad1 Re8 15. Qe3 Nb4
16. Bd3 Nh5 17. dxe5 dxe5 18. Bb1 Be6 19. b3 Bf8 20. Rd2 b6 21. Ne2 Bc5 22. Qc3
g5 23. Bg3 f6 24. Rfd1 Rad8 25. Bh2 Na6 26. Qb2 Qe7 27. Kf1 Bb4 28. Rxd8 Rxd8
29. Qc2 Rd7 30. Nc1 Qd8 31. Rxd7+ Qxd7 32. Qe2 Nf4 33. Bxf4 gxf4 34. Nd3 Be7
35. Qb2 Nc5 36. Qc2 Nxd3 37. Qxd3 Qxd3+ 38. Bxd3 b5 39. cxb5 Bxb3 40. bxc6 Bxa4
41. c7 Bd7 42. Ba6 a4 43. c8=Q Bxc8 44. Bxc8 a3 45. Be6 Kg7 46. Nh4 Bc5 47. Ke2
Bf8 48. Kf3 h5 49. g3 fxg3 50. fxg3 Kh6 51. Nf5+ Kg6 52. g4 hxg4+ 53. Kxg4 Bb4
54. Nh4+ Kh6 55. Kf5 Kg7 56. Nf3 Be7 57. Nh2 Kh6 58. Ng4+ Kg7 59. Ne3 Bd8 60.
Ba2 Kh6 61. Kg4 Kg6 62. Nc4 Be7 63. Nb6 Bf8 64. Nd5 Bd6 65. h4 f5+ 66. exf5+
Kg7 67. Kg5 e4 68. f6+ Kh8 69. Kf5 Bg3 70. h5 Kh7 71. Kxe4 Kh6 72. Ne7 Be1 73.
f7 Kg7 74. Nf5+ Kf8 75. h6 Bc3 76. Nh4 1-0

[Event "Nordic Championship 2005 women"]
[Site "Vammala FIN"]
[Date "2005.08.30"]
[Round "7.2"]
[White "Paasikangas-Tella, Johanna"]
[Black "Laesson, Tuulikki"]
[Result "1/2-1/2"]
[WhiteElo "2307"]
[BlackElo "2228"]
[PlyCount "99"]
[EventDate "2005.08.25"]
[EventType "swiss"]
[EventRounds "9"]
[EventCountry "FIN"]
[Source "lmi"]
[SourceDate "2005.09.03"]

1. d4 Nf6 2. Nf3 g6 3. Bg5 Bg7 4. Nbd2 d5 5. e3 O-O 6. Bd3 Nbd7 7. O-O c5 8. c3
Qb6 9. Qb1 Re8 10. a4 e5 11. dxe5 Nxe5 12. Nxe5 Rxe5 13. a5 Qc6 14. Bf4 Re8 15.
h3 Bd7 16. Nf3 Ne4 17. Rd1 Qc8 18. Bf1 Bc6 19. Qc2 b5 20. a6 h6 21. Ne1 g5 22.
Bh2 Qe6 23. Nd3 Rac8 24. f3 c4 25. fxe4 cxd3 26. Bxd3 dxe4 27. Be2 Be5 28. Bxe5
Qxe5 29. Rd4 Rcd8 30. Rad1 Rxd4 31. cxd4 Qd6 32. Rc1 Re6 33. Rf1 Kg7 34. Qc3 b4
35. Qd2 Bd5 36. Rc1 Rf6 37. Qe1 Be6 38. Rc5 b3 39. Re5 Bc8 40. Rxe4 Bxa6 41.
Re5 Bxe2 42. Qxe2 Qc6 43. Rc5 Qe4 44. Qd2 Qb1+ 45. Rc1 Qf5 46. d5 Rd6 47. Qc3+
Kg6 48. Qxb3 Qxd5 49. Qc3 Qd2 50. Qxd2 1/2-1/2

[Event "Nordic Championship 2005 women"]
[Site "Vammala FIN"]
[Date "2005.08.30"]
[Round "7.3"]
[White "Berntsen, Sheila Barth"]
[Black "Ptacnikova, Lenka"]
[Result "1/2-1/2"]
[WhiteElo "2166"]
[BlackElo "2204"]
[PlyCount "49"]
[EventDate "2005.08.25"]
[EventType "swiss"]
[EventRounds "9"]
[EventCountry "FIN"]
[Source "lmi"]
[SourceDate "2005.09.03"]

1. e4 c5 2. Nf3 Nc6 3. d4 cxd4 4. Nxd4 Nf6 5. Nc3 e5 6. Nxc6 bxc6 7. f4 Bb4 8.
Qf3 Qe7 9. Bd3 O-O 10. O-O d6 11. Kh1 exf4 12. Bxf4 Ng4 13. Ne2 Ne5 14. Qg3 Bc5
15. Bd2 Rb8 16. Bc3 Bb4 17. Bxb4 Rxb4 18. b3 Be6 19. Rad1 Bg4 20. Rde1 Bxe2 21.
Rxe2 c5 22. h3 a5 23. Qe1 a4 24. Qc3 axb3 25. cxb3 1/2-1/2

[Event "Nordic Championship 2005 women"]
[Site "Vammala FIN"]
[Date "2005.08.30"]
[Round "7.4"]
[White "Piarnpuu, Leili"]
[Black "Bashkite, Viktoria"]
[Result "1/2-1/2"]
[WhiteElo "2186"]
[BlackElo "2173"]
[PlyCount "25"]
[EventDate "2005.08.25"]
[EventType "swiss"]
[EventRounds "9"]
[EventCountry "FIN"]
[Source "lmi"]
[SourceDate "2005.09.03"]

1. d4 Nf6 2. Nf3 e6 3. c4 Bb4+ 4. Bd2 a5 5. g3 b6 6. Bg2 Ba6 7. Ne5 Bxd2+ 8.
Qxd2 Ra7 9. Nc3 O-O 10. b3 d6 11. Nd3 c5 12. d5 exd5 13. Nxd5 1/2-1/2

[Event "Nordic Championship 2005 women"]
[Site "Vammala FIN"]
[Date "2005.08.30"]
[Round "7.5"]
[White "Agrest, Svetlana"]
[Black "Vovk, Oksana"]
[Result "1-0"]
[WhiteElo "2270"]
[BlackElo "2125"]
[PlyCount "55"]
[EventDate "2005.08.25"]
[EventType "swiss"]
[EventRounds "9"]
[EventCountry "FIN"]
[Source "lmi"]
[SourceDate "2005.09.03"]

1. e4 e6 2. d3 d5 3. Nd2 c5 4. g3 Nc6 5. Bg2 Nf6 6. Ngf3 Be7 7. O-O Qc7 8. Re1
b6 9. Qe2 dxe4 10. dxe4 O-O 11. e5 Nd7 12. c3 a5 13. a4 Ba6 14. c4 Rac8 15. Nb3
Nd4 16. Nbxd4 cxd4 17. b3 Bb4 18. Rd1 Bc3 19. Rb1 Rfd8 20. Bg5 Re8 21. Bf4 Qc5
22. Ng5 Rc7 23. Qh5 Nf8 24. Ne4 Qb4 25. Nf6+ gxf6 26. exf6 e5 27. Qh6 Ne6 28.
Be4 1-0